| 000 | 00669nam a22002057a 4500 | ||
|---|---|---|---|
| 999 |
_c7927 _d7927 |
||
| 003 | OSt | ||
| 005 | 20220802134935.0 | ||
| 008 | 220802b ||||| |||| 00| 0 eng d | ||
| 020 | _a9781118281727 | ||
| 040 | _cDDC | ||
| 082 | _a170 TAV 2013 | ||
| 100 |
_aTavani, Herman T _916111 |
||
| 245 |
_aEthics and technology : _b controversies, questions, and strategies for ethical computing |
||
| 250 | _aFourth edition | ||
| 260 |
_aHoboken, NJ : _bWiley; _cc2013 |
||
| 300 |
_axxx, 424 pages : _b illustrations ; _c 24 cm |
||
| 504 | _aIncludes bibliographical references and index | ||
| 650 |
_aComputer networks -- Moral and ethical aspects _916112 |
||
| 942 |
_2ddc _cBOOK |
||